000 01439cam a22004217i 4500
001 7268
003 FISKH
005 20250707084439.0
008 150501s2013 nyua b 000 0 eng
010 _a 2014451947
020 _a9780545351737
_qpaperback
020 _a0545351731
_qpaperback
040 _aCQF
_beng
_cCQF
_erda
050 _aQH541.C7 B475
082 _a577.789
100 1 _aBerger, Melvin.
245 1 0 _aLife on a coral reef /
_cby Melvin and Gilda Berger.
260 _aNew York :
_bScholastic
_c2013
300 _a16 pages :
_bcolor illustrations ;
_c23 cm.
336 _atext
_2rdacontent
337 _aunmediated
_2rdamedia
338 _avolume
_2rdacarrier
490 0 _aDiscovering my world
505 _aG
520 _a"A coral reef is colorful. Many different animals live nearby." --
_cEdited summary from book.
521 8 _a390
_bLexile
521 8 _aG
_bRaz-Plus
650 0 _aCoral reef ecology
_vJuvenile literature.
650 0 _aCoral reef animals
_vJuvenile literature.
650 7 _aCoral reef animals.
_2fast
_0(OCoLC)fst00878837
650 7 _aCoral reef ecology.
_2fast
_0(OCoLC)fst00878847
655 7 _aJuvenile works.
_2fast
_0(OCoLC)fst01411637
655 7 _aLiterature.
_2lcgft
_0https://id.loc.gov/authorities/genreForms/gf2014026415
700 1 _aBerger, Gilda.
_eAuthor
906 _a7
_bcbc
_ccopycat
_d2
_encip
_f20
_gy-gencatlg
942 _2ddc
_cBK
_n0
999 _c7268
_d7268